Základy ekonómie a ekonomiky

Bibliographic Details
Main Authors: Hontyová, Kajetana, 1948- (Author), Lisý, Ján, 1950- (Author), Majdúchová, Helena, 1963- (Author)
Format: Book
Language:Slovak
PhysicalDescription:177 strán grafy, tabuľky 21 cm
Published: Bratislava Ekonóm 2003
ISBN:8022516627
Edition:1. vyd.
Subjects:

MARC

LEADER 00000cam a2200000 a 4500
001 vtls001454690
003 SK-MaSNL
005 20260301191021.0
008 240226s2003 xo d frp 000 0 slo
015 |a SNBA2003/05-01670 
020 |a 8022516627  |q (brožované) 
035 |a SNK000409997 
035 |a urn:nbn:sk:snk-am3j13v 
035 |a A03252CA-C82C-4B8A-B651-F2BC7DDD09B5 
035 |a urn:nbn:sk:snk-am00gf8s 
040 |a SNK  |b slo  |c SNK  |e AACR2 
041 0 |a slo 
044 |a xo  |c SK 
072 7 |a 33  |x Ekonómia  |2 konspekt 
072 7 |a 339.7/.9  |x Svetová ekonomika a medzinárodné financie  |2 konspekt 
072 7 |a 37.016  |x Učebné osnovy. Vyučovacie predmety. Učebnice  |2 konspekt 
080 |a 33(075.8)  |2 1997 
080 |a 33  |2 2011 
080 |a 339.1  |2 2011 
080 |a (075.8)  |2 2011 
100 1 |a Hontyová, Kajetana,  |d 1948-  |4 aut  |9 39493 
245 1 0 |a Základy ekonómie a ekonomiky  |c Kajetana Hontyová, Ján Lisý, Helena Majdúchová 
250 |a 1. vyd. 
260 |a Bratislava  |b Ekonóm  |c 2003 
300 |a 177 strán  |b grafy, tabuľky  |c 21 cm 
500 |a Obsahuje poznámky ; zoznam skratiek a symbolov 
650 0 7 |a ekonómia  |2 SNKPH  |9 788 
650 0 7 |a ekonomika  |2 SNKPH  |9 789 
650 0 7 |a trhová ekonomika  |2 SNKPH  |9 2374 
655 7 |a učebnice vysokých škôl  |2 SNKPH  |9 70191 
700 1 |a Lisý, Ján,  |d 1950-  |4 aut  |9 216186 
700 1 |a Majdúchová, Helena,  |d 1963-  |4 aut  |9 203290 
919 |a 80-225-1662-7 
958 |a TL 
958 |a UV 
958 |a OND 
999 |c 869616  |d 871546 
952 |a SNK  |b SNK  |y PREZ  |7 0  |p 17A0385374  |o snkSC 111835  |i snkKSP 6894/2003  |0 0  |1 0  |4 0  |d 2003-06-04  |f 1  |l 0  |r 2025-10-01 00:00:00  |w 2026-02-24 
952 |a SNK  |b SNK  |y VYP  |7 0  |p 17A0385373  |o snkSC 111835 D1  |i snkKSP 6895/2003  |0 0  |1 0  |4 0  |d 2003-06-04  |l 0  |r 2005-01-02 00:00:00  |w 2026-02-24